Limited liability (Record no. 70447)

MARC details
000 -LEADER
fixed length control field 01149cam a2200241 4500
001 - CONTROL NUMBER
control field ABS65535
008 - FIXED-LENGTH DATA ELEMENTS--GENERAL INFORMATION
fixed length control field 020611n2002 000 0 eng u
035 ## - SYSTEM CONTROL NUMBER
System control number (Sirsi) u118352
100 ## - MAIN ENTRY--PERSONAL NAME
Personal name Butler, J
245 ## - TITLE STATEMENT
Title Limited liability
260 ## - PUBLICATION, DISTRIBUTION, ETC.
Date of publication, distribution, etc. 2002
490 ## - SERIES STATEMENT
Series statement Estates Gazette
Volume/sequential designation (0220) 18 May 2002, 220(1)
520 ## - SUMMARY, ETC.
Summary, etc. Considers the effectiveness of lease guarantee provisions in cases of involvency. Guarantors generally remain liable following a tenant's insolvency, since the ruling in the case "Hindcastle Ltd v Barbara Attenborough Associates Ltd" (unless the guarantor is released under the terms of the guarantee or a variation). Advises property agents not to inadvertantly include provisions that might restrict the landlord's rights when a tenant is insolvent and on what to consider when claiming from a guarantor.
590 ## - LOCAL NOTE (RLIN)
Local note ABS
650 ## - SUBJECT ADDED ENTRY--TOPICAL TERM
Topical term or geographic name entry element Insolvency
9 (RLIN) 6247
650 ## - SUBJECT ADDED ENTRY--TOPICAL TERM
Topical term or geographic name entry element HINDCASTLE LTD V BARBARA ATTENBOROUGH ASSOCIATES LTD
650 ## - SUBJECT ADDED ENTRY--TOPICAL TERM
Topical term or geographic name entry element STACEY V HILL
650 ## - SUBJECT ADDED ENTRY--TOPICAL TERM
Topical term or geographic name entry element GUARANTORS
650 ## - SUBJECT ADDED ENTRY--TOPICAL TERM
Topical term or geographic name entry element LANDLORD AND TENANT (COVENANTS) ACT 1995
690 ## - LOCAL SUBJECT ADDED ENTRY--TOPICAL TERM (OCLC, RLIN)
Topical term or geographic name as entry element Landlord and tenant
9 (RLIN) 6252
700 ## - ADDED ENTRY--PERSONAL NAME
Personal name Williams, H
942 ## - ADDED ENTRY ELEMENTS (KOHA)
Suppress in OPAC 0
Holdings
Withdrawn status Lost status Source of classification or shelving scheme Damaged status Not for loan Home library Current library Shelving location Date acquired Total Checkouts Full call number Barcode Date last seen Copy number Price effective from Koha item type
    Dewey Decimal Classification     London London Journal article 11/06/2002   ABS65535 118352-1001 06/08/2019 1 06/08/2019 Journal article